00758nam a2200193 a 4500008004100000020001500041050001500056100002000071245009400091260003900185300002000224350000900244490003300253650001600286650003900302995008300341999001700424952012300441120416s1996 ||||||||||||||||| || u a0821338366 aIBRD(08)DP aValdes, Alberto10aSurveillance of agricultural price and trade policy in Latin America during major reforms aWashington, D.C.bWorld Bankc1996 aix, 67p. : ill. a0.00 aWorld Bank Discussion Papers aAGRICULTURE aAGRICULTURAL PRICES--LATIN AMERICA D0.00FCBU-MAIN LIBRARY (Kitwe)H1I0.00UAVAILABLEZInternational Publications c59151d59151 00102lcc4070a001b001cInternational Publicationsd2022-11-30l0oIBRD(08)DPp9003115r2022-11-30w2022-11-30y002